Statistics for Disney Characters by Picture

Click here to take the quiz!

General Stats

  • This quiz has been taken 158 times
  • The average score is 10 of 16

Answer Stats

Answer% Correct
Pinocchio
93%
Scar
90%
Aurora
84%
Hans
77%
Wreck It Ralph
75%
Piglet
71%
Disgust
67%
Maui
66%
Jessie
65%
Bo Peep
63%
Fix It Felix
56%
Rafiki
52%
Frozone
51%
Miguel
47%
Randall
44%
Jock
21%

Score Distribution

Percentile by Number Answered

Percent of People with Each Score

Your Score History

You have not taken this quiz